000 00931cam a2200265 i 4500
001 15648
003 DO-SdUEMH
005 20260109140728.0
007 ta
008 211105s dr a|||gr|||| 000 0 spa|d
040 _aDO-SdUEMH
_bspa
_erda
041 _aspa
082 1 4 _mRD
_aRD 305.42 D812M
_bD812m
084 _b12-00128
100 _aDUARTE, ISIS
_eaut
245 1 0 _aMujer y política en la República Dominicana: consensos y disensos entre las líderes y la ciudadanía /
_cIsis Duarte, Julia Hasbún ; colaborador: Lalito R. Vargas y del Fondo de Población de las Naciones Unidas (UNFPA)
260 _c2009
264 0 1 _aSanto Domingo, República Dominicana :
_bSecretaria de estado de la mujer,
_c2009
300 _a235 páginas :
_bilustraciones ;
_c25 cm.
336 _2rdacontent
_atexto
_btxt
337 _2rdamedia
_asin mediación
_bn
338 _2rdacarrier
_avolumen
_bnc
942 _2ddc
_cBK
_n0
999 _c15648
_d15648